| 000 | 01239naa a22003617a 4500 | ||
|---|---|---|---|
| 001 | BR9804073 | ||
| 003 | BR-BrBNA | ||
| 005 | 20240918181914.0 | ||
| 007 | ta | ||
| 008 | 230509b bl.||||| |||| 00| 0 por d | ||
| 040 |
_aBR-BrBNA _bpor _cBiblioteca Nacional de Agricultura |
||
| 041 | _a(Pt) | ||
| 072 |
_aH10 _b0430 _b4020 |
||
| 090 | _aH10 BR9804073 | ||
| 100 | 1 | _aAraujo, L.H.A. | |
| 100 | 1 | _aBleicher, E. | |
| 100 | 1 | _aHaji, F.N.P. | |
| 100 | 1 | _aBarbosa, F.R. | |
| 100 | 1 | _aSilva, P.H.S. da | |
| 100 | 1 | _aCarneiro, J. da S. | |
| 100 | 1 | _aAlencar, J.A. de | |
| 245 | 1 | _aProposta de manejo da mosca branca Bemisia argentifolii Bellows Perring em algodao | |
| 260 | 3 |
_aBrasilia, DF (Brasil): _c[nd]. |
|
| 500 | _aManejo integrado da mosca-branca, plano emergencial para o controle da mosca-branca Brasilia, DF (Brasil): [nd]. p. 1-15 (BR9804073-AM)H10 | ||
| 650 | _aAlgodao | ||
| 650 | _aMosca Branca | ||
| 650 | _aControle Integrado | ||
| 650 | _aInfestacao | ||
| 650 | _aControle Quimico | ||
| 773 | 0 |
_tManejo integrado da mosca-branca, plano emergencial para o controle da mosca-branca _wH10 BR9804073 _gBrasilia, DF (Brasil), [nd]. p. 1-15 |
|
| 909 |
_a202404 _bLucia _c55 _dLucia Elande |
||
| 942 |
_cAM _2AGRIS |
||
| 999 |
_c327474 _d327474 |
||